000 00822nam0a22002531 4500
001 RU\NLR\INFOCOMM_161\5000057430
005 20250613092227.0
035 _a(NLR Aleph) 009153746
090 _a8410953
_c8410953
100 _a20100121d1935 |||y0rusy50 ca
101 0 _ager
102 _aRU
105 _ay ||||000|y
200 1 _aDreigroschenroman
210 _aMoskau
_aLeningrad
_cVerlagsgenossenschaft ausländischer Arbeiter in der UdSSR
_d1935
215 _a444 с.
_d20 см
300 _aНа суперобл.: Бертольт Брехт. Роман нищих
700 1 _4070
_7ba
_8ger
_aBrecht
_bB.
_f1898-1956
_gBertolt
_9243282
_3RU\NLR\AUTH\770243338
801 1 _aRU
_bNLR
_c20100121
801 0 _aRU
_bNLR
_gPSBO
852 _aNLR
_jЛ61 В-3/183
_y2 экз.
852 _aNLR
_jD3/275
942 _cBOOK
980 _aNB